000 00484nam a2200181Ia 4500
001 2507
005 20260306144812.0
008 260306t2016||||xx |||||||||||||| ||spa||
041 _aESP
082 _a616.8914
_bC46
100 _aCelis Pacheco, Ricardo
_eAUT
245 0 _aConstructivismo y construccionismo social en psicoterapia:
_buna perspectiva crítica
260 _c2016
300 _a165 páginas :
_c23 cm.
650 _aGEN
654 _aCPS
942 _cLIB
_dJUS
_fJUS
_2ddc
_n
999 _c2507
_d2507